<The> Quality of Business Environment and University Student Entrepreneurship - Comparison of the Czech and Slovak Republic
Definovanie a kvantifikácia významných faktorov, ktoré potenciálne ovplyvňujú študentov vysokých škôl k začatiu podnikania. Prieskum bol organizovaný medzi študentami českých a slovenských vysokých škôl.
Guardado en:
| Autor principal: | |
|---|---|
| Otros Autores: | , , |
| Formato: | Capítulo de libro |
| Lenguaje: | inglés |
| Materias: | |
| Etiquetas: |
Sin Etiquetas, Sea el primero en etiquetar este registro!
|
MARC
| LEADER | 00000naa a2200000 4500 | ||
|---|---|---|---|
| 001 | 0236617 | ||
| 005 | 20240523081733.3 | ||
| 041 | 0 | |a eng | |
| 044 | |a SK | ||
| 245 | 1 | 0 | |a <The> Quality of Business Environment and University Student Entrepreneurship - Comparison of the Czech and Slovak Republic |c Jaroslav Belás, Gabriela Sopková, Martin Čepel, Anna Kotásková |
| 520 | |a Definovanie a kvantifikácia významných faktorov, ktoré potenciálne ovplyvňujú študentov vysokých škôl k začatiu podnikania. Prieskum bol organizovaný medzi študentami českých a slovenských vysokých škôl. | ||
| 610 | 2 | 0 | |a prostredie podnikateľské |
| 610 | 2 | 0 | |a analýza komparatívna |
| 610 | 2 | 0 | |a Česko |
| 610 | 2 | 0 | |a Slovensko |
| 610 | 2 | 0 | |a študenti |
| 610 | 2 | 0 | |a podnikanie |
| 100 | 1 | |a Belás, Jaroslav | |
| 700 | 1 | |a Sopková, Gabriela | |
| 700 | 1 | |a Čepel, Martin | |
| 700 | 1 | |a Kotásková, Anna | |